000 00824nam a2200205 a 4500
008 120416s1999 ||||||||||||||||| || u
020 _a9282010953
050 _aLC 68 Que
100 _aKing, Linda
245 1 0 _aQuestions of intimacy rethinking population education
_cedited by Linda King
260 _aNew York:
_bUNESCO
_c1999
300 _aviii, 206p. : ill.
350 _a0.00
650 _aBIRTH CONTROL--STUDY AND TEACHING
650 _aSEX ROLE
650 0 _aHEALTH EDUCATION
650 _aFAMILY
995 _aANNEX COLLECTION (Main Library)
_D0.00
_e734182
_FCBU-MAIN LIBRARY (Kitwe)
_H1
_I0.00
_jLC 68 Que
_M1
_UAVAILABLE
_y46493
_ZAnnex Low-Usage Collection
995 _aANNEX COLLECTION (Main Library)
_D0.00
_e734181
_FCBU-MAIN LIBRARY (Kitwe)
_H2
_I0.00
_jLC 68 Que
_M2
_UAVAILABLE
_y46579
_ZAnnex Low-Usage Collection
999 _c79941
_d79941